Geography Quiz

Random Geography or City Quiz

'T' World Metros Quiz Stats

 Plays Quiz Updated Sep 24, 2018

Score 0/20 Timer 07:00
2 Plays Today
Rank City % Correct
1Tokyo, Japan
88.2%
57Toronto, Canada
72%
21Tehran, Iran
55.6%
44Taipei, Taiwan
50.5%
287Turin, Italy
42.9%
145Tampa, USA
37.6%
177Tunis, Tunisia
36.6%
183Tel Aviv, Israel
31.8%
168Tashkent, Uzbekistan
30.2%
258Tijuana, Mexico
25.3%
Rank City % Correct
35Tianjin, China
25.2%
382Tbilisi, Georgia
20.8%
308Tabriz, Iran
8.3%
252Toluca, Mexico
7.3%
183Taichung, Taiwan
6.9%
120Taiyuan, China
6.9%
368Tainan, Taiwan
6.2%
219Tangshan, China
4.5%
308Taizhou, China
4.4%
219Taoyuan, Taiwan
4.3%

You're not logged in!

Compare scores with friends on all Sporcle quizzes.
OR
Log In

Sporcle TV

Today on Sporcle TV


Watch our educational content, quiz creation guides, and fun videos on Sporcle TV.

Show Comments

Extras

Top Quizzes Today


Score Distribution

Your Account Isn't Verified!

In order to create a playlist on Sporcle, you need to verify the email address you used during registration. Go to your Sporcle Settings to finish the process.

Report this User

Report this user for behavior that violates our Community Guidelines.

Details: